[Event "Easter Parade"]
[Site "SchemingMind.com"]
[Date "2023.06.29"]
[Round "-"]
[White "maro"]
[Black "cnile"]
[Result "0-1"]
[WhiteCountry "MEX"]
[BlackCountry "SCO"]
[WhiteElo "1467"]
[WhiteRD "64"]
[BlackElo "1384"]
[BlackRD "58"]
[GameID "735064"]

1. e4 e5 2. d4 exd4 3. Nf3 d5 4. exd5 Qxd5 5. Nc3 Bb4 6. Bd2 dxc3 7. bxc3 Qe4+ 8. Be2 Bd6 9. O-O Nf6 10. Ng5 Qe7
11. Re1 O-O 12. Bg4 Be6 13. Nxe6 fxe6 14. Rxe6 Qf7 15. Bh3 Nc6 16. Re3 Ne5 17. c4 Nxc4 18. Be6 Nxe3 19. Bxe3 Qxe6 20. Rb1 Rad8
21. Bg5 Bxh2+
0-1

[Event "Easter Parade"]
[Site "SchemingMind.com"]
[Date "2023.06.29"]
[Round "-"]
[White "cnile"]
[Black "Phillip Beckett"]
[Result "1/2-1/2"]
[WhiteCountry "SCO"]
[BlackCountry "ENG"]
[WhiteElo "1384"]
[WhiteRD "58"]
[BlackElo "1505"]
[BlackRD "54"]
[GameID "735065"]

1. d4 d5 2. Nf3 Nf6 3. Bf4 e6 4. e3 c5 5. c3 Nc6 6. Bd3 cxd4 7. exd4 Bd6 8. Be3 Bd7 9. Nbd2 Rc8 10. O-O O-O
11. Re1 Na5 12. Bg5 Be7 13. Ne5 h6 14. Bf4 a6 15. h3 Bc6 16. Ndf3 b5 17. Qd2 Bb7 18. Rac1 Nc4 19. Qc2 Nd7 20. b3 Ncxe5
21. Nxe5 Nxe5 22. dxe5 b4 23. Bh7+ Kh8 24. Bd3 Rxc3 25. Qd2 Rxc1 26. Rxc1 Qd7 27. Bxh6 Rc8 28. Rxc8+ Qxc8 29. Be3 Bc5 30. Qe2 Bxe3
31. fxe3 Qc1+= 32. Kh2 Qc6 33. Qh5+ Kg8 34. Qh7+ Kf8 35. Qh8+ Ke7 36. Qxg7 d4 37. e4 Qc3 38. Qf6+ Ke8 39. Qh8+ Ke7 40. Qf6+ Ke8
41. Qh8+ Ke7 42. Qf6+ Ke8 43. Qh8+ Ke7 44. Qf6+
1/2-1/2

[Event "Easter Parade"]
[Site "SchemingMind.com"]
[Date "2023.06.27"]
[Round "-"]
[White "cnile"]
[Black "Chessibelle"]
[Result "1-0"]
[WhiteCountry "SCO"]
[BlackCountry "ENG"]
[WhiteElo "1384"]
[WhiteRD "58"]
[BlackElo "1106"]
[BlackRD "57"]
[GameID "735066"]

1. c4 e5 2. Nc3 a6 3. g3 d6 4. Bg2 Qd7 5. e4 Nf6 6. Nge2 g6 7. d4 Nc6 8. dxe5 Nxe5 9. Bg5 Be7 10. O-O O-O
11. Kh1 Qg4 12. Be3 c6 13. b3 Nf3 14. Nf4 b5 15. Bxf3 Qg5 16. Ne6 Qe5 17. Nf4 Qxc3 18. Bd4 Qa5 19. cxb5 Qxb5 20. Rc1 Bd7
21. Be2 Qg5 22. Qd3 c5 23. h4 Qh6 24. Be3 Qg7 25. Bf3 Ra7 26. Nd5 Bd8 27. Qd2 h6 28. Bf4 Nh5 29. Bxd6 Re8 30. Rxc5 Nf6
31. Nxf6+ Bxf6 32. Rfc1 Raa8 33. e5 Bd8 34. Bxa8 Bb6 35. R5c2 f6 36. Bd5+ Kh7 37. exf6 Qxf6 38. Bf4 Kh8 39. Bxh6 Qf5 40. Qc3+ Kh7
41. Qg7#
1-0

[Event "Easter Parade"]
[Site "SchemingMind.com"]
[Date "2023.06.29"]
[Round "-"]
[White "agoodhobby"]
[Black "cnile"]
[Result "0-1"]
[WhiteCountry "USA"]
[BlackCountry "SCO"]
[WhiteElo "1549"]
[WhiteRD "71"]
[BlackElo "1384"]
[BlackRD "58"]
[GameID "735067"]

1. e4 c6 2. d4 d5 3. e5 c5 4. dxc5 e6 5. Nf3 Bxc5 6. Nd4 Bd7 7. Be2 Qb6 8. Be3 Ne7 9. O-O Qxb2 10. Nd2 Bxd4
11. Rb1 Qc3 12. Rxb7 Bxe3 13. Qb1 O-O 14. Nf3 Bb6 15. Qb3 Qxb3 16. cxb3 Re8 17. a4 Bc6 18. Ba6 Nxa6 19. Rxb6 axb6 20. Nd4 Ng6
21. Nxc6 Rec8 22. Nd4 Nc5 23. f4 Ne7 24. Nb5 Nxb3 25. Nd6 Rd8 26. Rb1 Rxa4 27. Rxb3 Rxf4 28. Rxb6 g6 29. Rb7 Nc6 30. Rb1 Nxe5
31. Nb7 Rb8 32. g3 Rc4 33. Re1 Rxb7 34. Rxe5 Rc2 35. Re1 Rbb2
0-1

[Event "Easter Parade"]
[Site "SchemingMind.com"]
[Date "2023.06.25"]
[Round "-"]
[White "maro"]
[Black "agoodhobby"]
[Result "1-0"]
[WhiteCountry "MEX"]
[BlackCountry "USA"]
[WhiteElo "1467"]
[WhiteRD "64"]
[BlackElo "1549"]
[BlackRD "71"]
[GameID "735068"]

1. e4 e5 2. d4 exd4 3. Nf3 Nc6 4. Bc4 Nf6 5. Bg5 h6 6. Bh4 g5 7. Bg3 Nxe4 8. Be5 Nxe5 9. Nxe5 Qf6 10. Ng4 Qf5
11. O-O d5 12. Bb3 Qxg4 13. f3 Qf5 14. fxe4 Qe5 15. exd5 Be7 16. d6 cxd6 17. Bxf7+ Kd8 18. Re1 Qf6 19. Bh5 Bd7 20. Bg4 Rc8
21. Bxd7 Kxd7 22. Qg4+ Kc7 23. Na3 Kb8 24. Nb5 Rxc2 25. Rad1 Qf2+ 26. Kh1 d3 27. Nd4 Rxb2 28. Rxe7 Rd2 29. Nc6+ Ka8 30. Rg1 Qb6
31. Nb4 Rb2 32. Nd5 Qb5 33. Nc7+
1-0

[Event "Easter Parade"]
[Site "SchemingMind.com"]
[Date "2023.06.26"]
[Round "-"]
[White "agoodhobby"]
[Black "Phillip Beckett"]
[Result "1-0"]
[WhiteCountry "USA"]
[BlackCountry "ENG"]
[WhiteElo "1592"]
[WhiteRD "71"]
[BlackElo "1523"]
[BlackRD "54"]
[GameID "735069"]

1. e4 e5 2. Nf3 Nc6 3. Bb5 a6 4. Ba4 Nf6 5. O-O Be7 6. Re1 b5 7. Bb3 O-O 8. c3 d5 9. exd5 Nxd5 10. Nxe5 Nxe5
11. Rxe5 Nf6 12. d4 Bd6 13. Re1 Ng4 14. h3 Qh4 15. Qf3 Nxf2 16. Re2 Bxh3 17. Rxf2 Bg3 18. Bd5 Bxf2+ 19. Kf1 Rae8 20. Qxf2 Qxf2+
21. Kxf2 Be6 22. Bxe6 fxe6+ 23. Kg1 Rf5 24. b3 Ref8 25. Nd2 e5 26. Ba3 Re8 27. Re1 e4 28. c4 e3 29. Nf1 e2 30. Ng3 Rf4
31. Rxe2 Rxe2 32. Nxe2 Re4 33. Kf2 Kf7 34. Bb2 bxc4 35. Kf3 Rh4 36. bxc4 Rh6 37. c5 g5 38. d5 Rg6 39. Kg4 h6 40. Be5 Rg8
41. Bxc7 Rc8 42. d6 Ke6 43. c6
1-0

[Event "Easter Parade"]
[Site "SchemingMind.com"]
[Date "2023.06.25"]
[Round "-"]
[White "agoodhobby"]
[Black "Chessibelle"]
[Result "1-0"]
[WhiteCountry "USA"]
[BlackCountry "ENG"]
[WhiteElo "1592"]
[WhiteRD "71"]
[BlackElo "1142"]
[BlackRD "58"]
[GameID "735070"]

1. e4 e5 2. Nf3 Nc6 3. Bb5 Nge7 4. O-O d6 5. d4 g6 6. c3 Bg7 7. Be3 Bd7 8. Nbd2 f6 9. d5 Nb8 10. Bxd7+ Nxd7
11. Qb3 O-O 12. Qxb7 f5 13. Bxa7 Nc5 14. Bxc5 dxc5 15. Nc4 Rb8 16. Qa6 Qd7 17. Nfxe5 Qe8 18. Rfe1 Rf6 19. Qa7 Rc8 20. Qxc5 h6
21. exf5 Rxf5 22. Nxg6 Rd8 23. Nxe7+ Kh7 24. Nxf5 Qg6 25. Nxg7 Qxg7 26. Re7 Rg8 27. Rxg7+ Kxg7 28. Re1
1-0

[Event "Easter Parade"]
[Site "SchemingMind.com"]
[Date "2023.06.28"]
[Round "-"]
[White "Allan Sedstrem"]
[Black "agoodhobby"]
[Result "0-1"]
[WhiteCountry "SCO"]
[BlackCountry "USA"]
[WhiteElo "1508"]
[WhiteRD "66"]
[BlackElo "1478"]
[BlackRD "69"]
[GameID "735071"]

1. e4 c5 2. Nf3 d6 3. d4 cxd4 4. Nxd4 Nf6 5. Nc3 a6 6. Bc4 g6 7. O-O b5 8. h3 bxc4 9. Qf3 Bg7 10. e5 dxe5
11. Qxa8 Qb6 12. Nf3 O-O 13. Be3 Qxb2 14. Rab1 Qxc3 15. Qxb8 Be6 16. Rb2 Rxb8 17. Rxb8+ Bf8 18. Ng5 Nd7 19. Rb7 Bf5 20. g4 Qxc2
21. gxf5 Qxf5 22. Rd1 Bh6 23. Rdxd7 Bxg5 24. Bxg5 Qxg5+ 25. Kf1 c3 26. Rbc7 Qc1+ 27. Kg2 c2 28. Rd5 Qb2 29. Rdc5 Qxa2 30. Rxc2 Qd5+
31. Kh2 e4 32. R7c5 Qd6+ 33. Kg2 e5 34. Ra5 Qd3 35. Rcc5 Qf3+ 36. Kg1 e3 37. fxe3 Qxe3+ 38. Kg2 e4 39. Re5 Qf3+ 40. Kh2 Qf2+
41. Kh1 e3 42. Rxe3 Qxe3 43. Rxa6 Qxh3+ 44. Kg1 h5 45. Rf6 h4 46. Rf2 Kg7 47. Rh2 Qe3+ 48. Kf1 h3
0-1

[Event "Easter Parade"]
[Site "SchemingMind.com"]
[Date "2023.06.24"]
[Round "-"]
[White "Phillip Beckett"]
[Black "maro"]
[Result "1-0"]
[WhiteCountry "ENG"]
[BlackCountry "MEX"]
[WhiteElo "1523"]
[WhiteRD "54"]
[BlackElo "1464"]
[BlackRD "70"]
[GameID "735072"]

1. e4 e5 2. Nf3 Nc6 3. d4 exd4 4. Nxd4 Qf6 5. Nxc6 Qxc6 6. Nc3 Bb4 7. Qd3 Nf6 8. Bd2 d6 9. Nd5 Bxd2+ 10. Kxd2 Nxd5
11. exd5 Qd7 12. Re1+ Kf8 13. Be2 g6 14. Bf3 b5 15. c3 a5 16. Qd4 Kg8 17. Re2 Ba6 18. Rhe1 h6 19. Re7 Qf5 20. Re8+ Rxe8
21. Rxe8+
1-0

[Event "Easter Parade"]
[Site "SchemingMind.com"]
[Date "2023.06.29"]
[Round "-"]
[White "ray winteringham"]
[Black "cnile"]
[Result "0-1"]
[WhiteCountry "ENG"]
[BlackCountry "SCO"]
[WhiteElo "1434"]
[WhiteRD "48"]
[BlackElo "1323"]
[BlackRD "64"]
[GameID "735073"]

1. g3 d5 2. d4 Nf6 3. Bg2 e6 4. Bg5 Nbd7 5. Bxf6 Nxf6 6. a3 c5 7. c3 Qb6 8. b4 cxb4 9. Qa4+ Bd7 10. Qxb4 Bxb4
11. axb4 Bb5 12. Nf3 O-O 13. O-O Rac8 14. Re1 Ne4 15. Na3 Bd7 16. Kh1 Rxc3 17. Ne5 Bc6 18. e3 Nxf2+ 19. Kg1 Nd3 20. Reb1 Rc8
21. b5 Nxe5 22. bxc6 Qxc6 23. Nb5 Rc1+ 24. Bf1 Rxb1 25. Rxb1 Ng4 26. Nxa7 Qd7 27. Re1 Rc2 28. Ra1 f5 29. Nb5 Qf7 30. Ra8+ Qf8
31. Rxf8+ Kxf8 32. Na3 Rc1
0-1

[Event "Easter Parade"]
[Site "SchemingMind.com"]
[Date "2023.06.25"]
[Round "-"]
[White "ray winteringham"]
[Black "agoodhobby"]
[Result "0-1"]
[WhiteCountry "ENG"]
[BlackCountry "USA"]
[WhiteElo "1434"]
[WhiteRD "48"]
[BlackElo "1592"]
[BlackRD "71"]
[GameID "735074"]

1. g3 e5 2. e4 Nf6 3. Bg2 Bc5 4. Qe2 Nc6 5. d3 d6 6. Be3 Bxe3 7. Qxe3 O-O 8. Ne2 Bg4 9. Nbc3 a6 10. O-O Qd7
11. f3 Bh3 12. f4 Bxg2 13. Kxg2 Ng4 14. Qd2 f5 15. fxe5 Ncxe5 16. Nf4 c6 17. h3 Nf6 18. exf5 Qxf5 19. Nfd5 Qe6 20. Nc7 Qf7
21. Nxa8 Rxa8 22. Ne4 Qd5 23. Kg1 Nxe4 24. Qb4 Nxg3 25. Qxb7 Qh1+ 26. Kf2 Qh2+ 27. Ke3 Qe2+ 28. Kd4 c5+ 29. Kc3 Re8 30. Rae1 Qh5
31. Rxe5 Qxe5+ 32. d4 Qxd4+ 33. Kb3 Nxf1 34. Qc6 Qb4#
0-1

[Event "Easter Parade"]
[Site "SchemingMind.com"]
[Date "2023.06.25"]
[Round "-"]
[White "maro"]
[Black "ray winteringham"]
[Result "1-0"]
[WhiteCountry "MEX"]
[BlackCountry "ENG"]
[WhiteElo "1464"]
[WhiteRD "70"]
[BlackElo "1434"]
[BlackRD "48"]
[GameID "735075"]

1. d4 d5 2. e4 e6 3. e5 c5 4. dxc5 Bxc5 5. Nf3 Ne7 6. Nc3 Qb6 7. Be3 Bxe3 8. fxe3 Qxb2 9. Nb5 Qb4+ 10. c3 Qc5
11. Nd6+ Kd7 12. Bb5+ Nbc6 13. O-O Qxe3+ 14. Kh1 Qc5 15. Nd4 Kc7 16. Rxf7 Bd7 17. Rb1 Nxe5 18. Rxe7 Qxd6 19. Nxe6+ Kb8 20. Rxg7 Bxb5
21. Rxb5 b6 22. Nc7 a6 23. Rxd5 Qf6 24. Ne6 Qxe6 25. Rd8+ Rxd8 26. Qxd8+ Qc8 27. Qxb6+
1-0

[Event "Easter Parade"]
[Site "SchemingMind.com"]
[Date "2023.06.24"]
[Round "-"]
[White "ray winteringham"]
[Black "Phillip Beckett"]
[Result "0-1"]
[WhiteCountry "ENG"]
[BlackCountry "ENG"]
[WhiteElo "1434"]
[WhiteRD "48"]
[BlackElo "1523"]
[BlackRD "54"]
[GameID "735076"]

1. e4 e5 2. Bc4 Nf6 3. d3 Nc6 4. Nf3 Be7 5. Be3 d6 6. h3 O-O 7. Nc3 h6 8. O-O Nh7 9. d4 exd4 10. Nxd4 Bg5
11. Bd2 Nxd4 12. Bxg5 Qxg5 13. Qxd4 Be6 14. Bd5 Bxd5 15. exd5 Qe5 16. Qc4 Nf6 17. Qxc7 Nxd5 18. Rfe1 Qxe1+ 19. Rxe1 Nxc7 20. Re7 Na6
21. Rxb7 Nc5 22. Nd5 Rfb8 23. Re7 Rxb2 24. Nb4 a5 25. Nd5 Kf8 26. Re2 Ne6 27. Kh2 Rxa2 28. Ne3 Nd4 29. Rd2 Nb5
0-1

[Event "Easter Parade"]
[Site "SchemingMind.com"]
[Date "2023.06.24"]
[Round "-"]
[White "ray winteringham"]
[Black "Chessibelle"]
[Result "1-0"]
[WhiteCountry "ENG"]
[BlackCountry "ENG"]
[WhiteElo "1434"]
[WhiteRD "48"]
[BlackElo "1142"]
[BlackRD "58"]
[GameID "735077"]

1. g3 d5 2. d4 e6 3. Bg2 Nf6 4. Nf3 h6 5. O-O Be7 6. Bd2 O-O 7. Nc3 a6 8. a3 Nc6 9. Qc1 Na7 10. b4 b5
11. Ne1 Kh7 12. e4 c6 13. e5 Nd7 14. f4 f6 15. Ne2 Rg8 16. h4 g5 17. fxg5 fxg5 18. hxg5 hxg5 19. Bh3 Nf8 20. c3 Qe8
21. Kg2 Qg6 22. Rh1 Kg7 23. Bg4 Nh7 24. Qc2 Qxc2 25. Nxc2 Bd7 26. Rh2 Rh8 27. Rah1 Rag8 28. Bh5 Nc8 29. Rf1 Kh6 30. Bf7+ Kg7
31. Bxg8 Rxg8 32. Kg1 Nb6 33. Rhf2 Nc4 34. Bc1 Be8 35. g4 Nf8 36. Ng3 Ng6 37. Nh5+ Kh6 38. Rh2 Nh4 39. Ne1 Nb6 40. Ng2 Nc4
41. Nxh4 Nb6 42. Nf3 Nd7 43. Nf6+ Kg7 44. Nxg8 Kxg8 45. Bxg5 Bf8 46. Nh4 Bg7 47. Be3 Nf8 48. Rhf2 Nh7 49. Nf3 Bg6 50. Kh2 Be4
51. Ng5 Bh6 52. Nxh7 Kxh7 53. Rf7+ Kg6 54. R1f6#
1-0

[Event "Easter Parade"]
[Site "SchemingMind.com"]
[Date "2023.06.26"]
[Round "-"]
[White "Allan Sedstrem"]
[Black "ray winteringham"]
[Result "1-0"]
[WhiteCountry "SCO"]
[BlackCountry "ENG"]
[WhiteElo "1508"]
[WhiteRD "66"]
[BlackElo "1333"]
[BlackRD "48"]
[GameID "735078"]

1. e4 e5 2. d4 exd4 3. Nf3 Bb4+ 4. Bd2 Bc5 5. a4 Ne7 6. b4 Bd6 7. Nxd4 c5 8. bxc5 Bxc5 9. Nb3 Bd6 10. Nc3 b6
11. Nd4 Bb7 12. Bc4 Nbc6 13. Nxc6 Bxc6 14. O-O O-O 15. Re1 Qb8 16. g3 Qb7 17. a5 b5 18. Rb1 Qc7 19. Nxb5 Bxb5 20. Bxb5 h6
21. a6 Ng6 22. c4 Ne5 23. Rc1 Nf3+ 24. Kg2 Nxe1+ 25. Qxe1 Bc5 26. Bf4 d6 27. e5 Rfd8 28. Rd1 dxe5 29. Bxe5 Rxd1 30. Qxd1 Qxe5
31. h4 Qf5 32. Qe2 Kf8 33. f4 Qb1 34. Qf3 Qg1+ 35. Kh3 Rd8 36. Qb7 Bf2 37. Qg2 Qxg2+ 38. Kxg2 Rd2 39. Kf3 Bc5 40. h5 Ke7
41. Kg4 Rd4 42. Kh4 Kf6 43. Kg4 Ke6 44. Kh4 Rd2 45. Kh3 Rd1 46. Kg4 Rd4 47. Kh3 Kf5 48. Kh4 Rd1 49. Kh3 Rh1+ 50. Kg2 Rxh5
51. Be8 Kf6 52. Kf3 Rh1 53. Bb5 Re1 54. Kg4
1-0

[Event "Easter Parade"]
[Site "SchemingMind.com"]
[Date "2023.06.24"]
[Round "-"]
[White "maro"]
[Black "Chessibelle"]
[Result "1-0"]
[WhiteCountry "MEX"]
[BlackCountry "ENG"]
[WhiteElo "1464"]
[WhiteRD "70"]
[BlackElo "1142"]
[BlackRD "58"]
[GameID "735079"]

1. e4 e5 2. d4 Bd6 3. dxe5 Bxe5 4. Nf3 Bd6 5. e5 Be7 6. Bc4 h6 7. Nc3 c6 8. Bf4 Bc5 9. O-O Ne7 10. Bxf7+ Kxf7
11. e6+ Kxe6 12. Re1+ Kf7 13. Ne5+ Ke8 14. Qh5+ Ng6 15. Qxg6+ Ke7 16. Nxc6+
1-0

[Event "Easter Parade"]
[Site "SchemingMind.com"]
[Date "2023.06.24"]
[Round "-"]
[White "Chessibelle"]
[Black "Phillip Beckett"]
[Result "0-1"]
[WhiteCountry "ENG"]
[BlackCountry "ENG"]
[WhiteElo "1142"]
[WhiteRD "58"]
[BlackElo "1523"]
[BlackRD "54"]
[GameID "735080"]

1. Nf3 Nf6 2. d4 d5 3. g3 e6 4. Bd2 c5 5. c3 Nc6 6. e3 Bd6 7. Be2 O-O 8. O-O Qb6 9. b3 cxd4 10. cxd4 Bb4
11. Bc1 Bd7 12. Ng5 h6 13. Bd3 hxg5 14. Bc2 Ne4 15. f3 Nc3 16. Nxc3 Bxc3 17. Rb1 Nb4 18. f4 gxf4 19. Rxf4 Rac8 20. Qh5 g6
21. Rg4 e5 22. Rg5 e4 23. Bd1 Qf6 24. h4 Be1 25. Qe2 Bc3 26. Ba3 Rfe8 27. Qg2 Nd3 28. Be2 Bh3 29. Qxh3 Qf2+ 30. Kh1 Bd2
31. Bg4 Rc1+ 32. Bxc1 Bxc1 33. Rxd5 Qxe3 34. b4 Nf2+
0-1

[Event "Easter Parade"]
[Site "SchemingMind.com"]
[Date "2023.06.29"]
[Round "-"]
[White "cnile"]
[Black "wight knight"]
[Result "1-0"]
[WhiteCountry "SCO"]
[BlackCountry "ENG"]
[WhiteElo "1384"]
[WhiteRD "58"]
[BlackElo "1203"]
[BlackRD "60"]
[GameID "735081"]

1. c4 e5 2. Nc3 c6 3. e4 Bb4 4. d3 Bxc3+ 5. bxc3 b5 6. cxb5 cxb5 7. Nf3 f6 8. Be3 Ne7 9. Be2 Ng6 10. O-O Nf4
11. Qb3 Nxe2+ 12. Kh1 g5 13. h4 d6 14. hxg5 Bg4 15. Kh2 Bxf3 16. gxf3 Nf4 17. Bxf4 exf4 18. Qxb5+ Qd7 19. Qd5 Qc6 20. Qe6+ Kd8
21. Qxf6+ Kc7 22. Qxh8 Nd7 23. Qxh7 Qxc3 24. Rfc1 Qxc1 25. Rxc1+ Kb6 26. Qxd7 Rh8+ 27. Kg2
1-0

[Event "Easter Parade"]
[Site "SchemingMind.com"]
[Date "2023.06.25"]
[Round "-"]
[White "agoodhobby"]
[Black "wight knight"]
[Result "1-0"]
[WhiteCountry "USA"]
[BlackCountry "ENG"]
[WhiteElo "1592"]
[WhiteRD "71"]
[BlackElo "1178"]
[BlackRD "59"]
[GameID "735082"]

1. e4 e5 2. Nf3 f6 3. Bc4 b6 4. Nc3 Ba6 5. Bxa6 Nxa6 6. d4 c6 7. dxe5 Bb4 8. Bd2 Bxc3 9. Bxc3 Nc5 10. exf6 gxf6
11. O-O Nxe4 12. Qd4 Qe7 13. Rfe1 Qc5 14. Rxe4+ Ne7 15. Qxf6 Rf8 16. Qh4 O-O-O 17. Rxe7 Qf5 18. Qa4 a5 19. b4 Kc7 20. bxa5 Qc5
21. Rb1 Qxe7 22. axb6+ Kd6 23. Bb4+ c5 24. Rd1+ Ke6 25. Re1+ Kd6 26. Rxe7 Kxe7 27. Bxc5+ d6 28. Be3 Rd7 29. h3 Rb8 30. c4 Rdb7
31. c5 h5 32. Qe4+ Kd7 33. a4 h4 34. c6+
1-0

[Event "Easter Parade"]
[Site "SchemingMind.com"]
[Date "2023.06.24"]
[Round "-"]
[White "wight knight"]
[Black "maro"]
[Result "0-1"]
[WhiteCountry "ENG"]
[BlackCountry "MEX"]
[WhiteElo "1178"]
[WhiteRD "59"]
[BlackElo "1464"]
[BlackRD "70"]
[GameID "735083"]

1. e4 e5 2. Bc4 Nf6 3. f3 Bc5 4. b3 Nc6 5. c3 O-O 6. Ba3 Bxa3 7. Nxa3 d5 8. Bb5 Bd7 9. exd5 Nxd5 10. Bxc6 Bxc6
11. c4 Nf4 12. h4 Nxg2+ 13. Kf2 Nxh4 14. Nc2 e4 15. fxe4 Bxe4 16. Ne3 Bxh1 17. Nh3 Qf6+ 18. Ke2 Bf3+
0-1

[Event "Easter Parade"]
[Site "SchemingMind.com"]
[Date "2023.06.24"]
[Round "-"]
[White "Phillip Beckett"]
[Black "wight knight"]
[Result "1-0"]
[WhiteCountry "ENG"]
[BlackCountry "ENG"]
[WhiteElo "1523"]
[WhiteRD "54"]
[BlackElo "1178"]
[BlackRD "59"]
[GameID "735084"]

1. e4 e5 2. f4 exf4 3. Nf3 f6 4. Bc4 b6 5. d4 Ba6 6. Bxa6 Nxa6 7. Bxf4 g5 8. Bg3 Bd6 9. Bxd6 cxd6 10. Nc3 g4
11. Nh4 f5 12. Nxf5 Nf6 13. O-O h5 14. Nxd6+ Ke7 15. e5 Qg8 16. Rxf6 Rf8 17. Qf1 Qg7 18. Rxf8 Rxf8 19. Nf5+ Rxf5 20. Qxf5 Nc7
21. Rf1 Ne8 22. Nd5+ Kd8 23. Nf6 Nxf6 24. Qxf6+ Qe7 25. Qxe7+
1-0

[Event "Easter Parade"]
[Site "SchemingMind.com"]
[Date "2023.06.24"]
[Round "-"]
[White "ray winteringham"]
[Black "wight knight"]
[Result "1-0"]
[WhiteCountry "ENG"]
[BlackCountry "ENG"]
[WhiteElo "1434"]
[WhiteRD "48"]
[BlackElo "1178"]
[BlackRD "59"]
[GameID "735085"]

1. g3 e5 2. e4 h5 3. a3 b6 4. Bg2 Bc5 5. b4 Bd6 6. Ne2 Ba6 7. O-O Bxe2 8. Qxe2 h4 9. Bb2 h3 10. Bh1 a5
11. d4 exd4 12. Bxd4 axb4 13. Bxg7 Rh7 14. e5 Rxg7 15. exd6+ Kf8 16. Bxa8 cxd6 17. axb4 Qc8 18. Qh5 Qxc2 19. Qh4 Nc6 20. Bxc6 Qxc6
21. Qd8#
1-0

[Event "Easter Parade"]
[Site "SchemingMind.com"]
[Date "2023.06.24"]
[Round "-"]
[White "Chessibelle"]
[Black "wight knight"]
[Result "1-0"]
[WhiteCountry "ENG"]
[BlackCountry "ENG"]
[WhiteElo "1142"]
[WhiteRD "58"]
[BlackElo "1178"]
[BlackRD "59"]
[GameID "735086"]

1. Nf3 f6 2. d4 g5 3. g3 Bh6 4. e3 d5 5. Be2 g4 6. Ng1 b6 7. f3 gxf3 8. Nxf3 Ba6 9. Bxa6 Nxa6 10. Qd3 Nb4
11. Qb5+ Qd7 12. Qe2 e5 13. dxe5 Qc6 14. Nc3 Qc4 15. Qg2 d4 16. exd4 Bxc1 17. Rxc1 c5 18. Nd2 Rd8 19. b3 Qxc3 20. O-O Qxd4+
21. Rf2 Nxa2 22. Re1 fxe5 23. Qc6+ Qd7 24. Rxe5+ Ne7 25. Qf6 Rf8 26. Qxf8#
1-0

[Event "Easter Parade"]
[Site "SchemingMind.com"]
[Date "2023.06.25"]
[Round "-"]
[White "wight knight"]
[Black "Allan Sedstrem"]
[Result "0-1"]
[WhiteCountry "ENG"]
[BlackCountry "SCO"]
[WhiteElo "1203"]
[WhiteRD "60"]
[BlackElo "1435"]
[BlackRD "72"]
[GameID "735087"]

1. e4 e5 2. Bc4 Bc5 3. Qf3 f6 4. Bxg8 Rxg8 5. b3 Nc6 6. c3 d6 7. Ba3 Bxa3 8. Nxa3 Qe7 9. O-O-O d5 10. exd5 Qxa3+
11. Kc2 Qxa2+ 12. Kd3 Ne7 13. Nh3 Qxb3 14. Qh5+ Kf8 15. Qxh7 Bf5+ 16. Qxf5 Nxf5 17. Rb1 Qxd5+ 18. Ke2 Qxg2 19. Rhg1 Qxh3 20. Rxb7 Rh8
21. Rxc7 Qxh2 22. c4 Qxg1 23. c5 Nd4+ 24. Ke3 Rh3+ 25. Ke4 Rd8 26. Rxa7 Qg4+ 27. f4 Qxf4#
0-1

[Event "Easter Parade"]
[Site "SchemingMind.com"]
[Date "2023.06.29"]
[Round "-"]
[White "cnile"]
[Black "Allan Sedstrem"]
[Result "0-1"]
[WhiteCountry "SCO"]
[BlackCountry "SCO"]
[WhiteElo "1380"]
[WhiteRD "60"]
[BlackElo "1508"]
[BlackRD "66"]
[GameID "735088"]

1. c4 c5 2. g3 d5 3. Bg2 dxc4 4. Qa4+ Nc6 5. Nc3 Bd7 6. Qxc4 e6 7. Nf3 Be7 8. O-O Nf6 9. d4 O-O 10. Bg5 a6
11. d5 b5 12. Qd3 exd5 13. Rac1 h6 14. Bxf6 Bxf6 15. Qxd5 c4 16. Rfd1 Be8 17. Qc5 Qc7 18. Nd4 Bxd4 19. Qf5 Bxc3 20. Rxc3 Rd8
21. Rxd8 Qxd8 22. Be4 g6 23. Qh3 Kg7 24. Rf3 Nd4 25. Re3 Bd7 26. Qg2 Be6 27. h4 Qa5 28. a3 f5 29. Bb7 Qb6 30. Bf3 Nxf3+
31. Rxf3 Rd8 32. Qf1 Rd2
0-1

[Event "Easter Parade"]
[Site "SchemingMind.com"]
[Date "2023.06.29"]
[Round "-"]
[White "Allan Sedstrem"]
[Black "maro"]
[Result "0-1"]
[WhiteCountry "SCO"]
[BlackCountry "MEX"]
[WhiteElo "1435"]
[WhiteRD "72"]
[BlackElo "1467"]
[BlackRD "64"]
[GameID "735089"]

1. d4 Nf6 2. Nc3 d6 3. e4 e5 4. dxe5 Ng4 5. h3 Nxe5 6. Bf4 Nbc6 7. Nf3 Nxf3+ 8. Qxf3 Nd4 9. Qd3 Be6 10. Qxd4 Qh4
11. g3 Qh5 12. Be2 Qa5 13. O-O Bxh3 14. Rfe1 O-O-O 15. Bf3 c5 16. Qc4 h6 17. Red1 g5 18. Bd2 g4 19. Nb5 Qa6 20. Bh1 Re8
21. Bf4 Re6 22. b4 b6 23. Rxd6 Bxd6 24. e5 Bxe5 25. Nxa7+ Qxa7 26. a4 Bxf4 27. gxf4 g3 28. fxg3 Re3 29. Kf2 Rhe8 30. Kg1 Rxg3+
31. Kh2 Be6 32. Qb5 Rh3+ 33. Kg1 Rg8+ 34. Bg2 Qb7 35. Qe2 Rhg3 36. Kf1 Rxg2
0-1

[Event "Easter Parade"]
[Site "SchemingMind.com"]
[Date "2023.06.25"]
[Round "-"]
[White "Phillip Beckett"]
[Black "Allan Sedstrem"]
[Result "0-1"]
[WhiteCountry "ENG"]
[BlackCountry "SCO"]
[WhiteElo "1505"]
[WhiteRD "54"]
[BlackElo "1435"]
[BlackRD "72"]
[GameID "735090"]

1. e4 e5 2. Nf3 d6 3. d4 Nf6 4. dxe5 dxe5 5. Qxd8+ Kxd8 6. Nxe5 Be6 7. f3 Bd6 8. Nc4 Bc5 9. Nc3 Nc6 10. Bg5 Be7
11. O-O-O+ Nd7 12. Bxe7+ Nxe7 13. Nd5 c6 14. Nxe7 Kxe7 15. Nd6 b5 16. Be2 a5 17. Nf5+ Bxf5 18. exf5 Rhe8 19. Bd3 Nf6 20. Rhe1+ Kf8
21. g4 h6 22. Kd2 Nd5 23. Rxe8+ Rxe8 24. Re1 Nb4 25. Rxe8+ Kxe8 26. a3 Nd5 27. c4 Nc7 28. cxb5 cxb5 29. Ke3 Ke7 30. h4 Kf6
31. Ke4 Ke7 32. Ke5 Kd7 33. f4 Kc6 34. Be4+ Kc5 35. g5 h5 36. g6 f6#
0-1

[Event "Easter Parade"]
[Site "SchemingMind.com"]
[Date "2023.06.25"]
[Round "-"]
[White "Chessibelle"]
[Black "Allan Sedstrem"]
[Result "0-1"]
[WhiteCountry "ENG"]
[BlackCountry "SCO"]
[WhiteElo "1106"]
[WhiteRD "57"]
[BlackElo "1435"]
[BlackRD "72"]
[GameID "735091"]

1. Nf3 d5 2. d4 Nc6 3. e3 Nf6 4. g3 Bg4 5. Be2 Bh3 6. Rg1 Ne4 7. b3 e6 8. Bb2 Bb4+ 9. c3 Ba5 10. Nbd2 Bxc3
11. Rb1 Nb4 12. a3 Nc6 13. Bc1 O-O 14. Qc2 Bxd2+ 15. Nxd2 Qf6 16. Nxe4 dxe4 17. Qxe4 Bf5 18. Qf4 Bxb1 19. Qxc7 Rab8 20. Qd6 Rbc8
21. f4 Nxd4 22. Bb2 Rfd8 23. Qb4 Nc2+
0-1